تاريخ الإسلام السياسي والديني والثقافي والإجتماعي / (رقم التسجيلة. 82292)
[ عرض عادي ]
| 000 -LEADER | |
|---|---|
| fixed length control field | 01178nam a22003617a 4500 |
| 005 - DATE AND TIME OF LATEST TRANSACTION | |
| control field | 20251108172541.0 |
| 008 - FIXED-LENGTH DATA ELEMENTS--GENERAL INFORMATION | |
| fixed length control field | 250721s1996 xx 000 0 ara d |
| 082 14 - DEWEY DECIMAL CLASSIFICATION NUMBER | |
| Classification number | م/956/حسن |
| 100 1# - MAIN ENTRY--PERSONAL NAME | |
| Personal name | حسن، حسن إبراهيم |
| 245 10 - TITLE STATEMENT | |
| Title | تاريخ الإسلام السياسي والديني والثقافي والإجتماعي / |
| 250 ## - EDITION STATEMENT | |
| Edition statement | ط.14 |
| 264 1# - PRODUCTION, PUBLICATION, DISTRIBUTION, MANUFACTURE, AND COPYRIGHT NOTICE | |
| Place of production, publication, distribution, manufacture | بيروت : |
| Name of producer, publisher, distributor, manufacturer | دار الجيل، |
| Date of production, publication, distribution, manufacture, or copyright notice | 1996. |
| 300 ## - PHYSICAL DESCRIPTION | |
| Extent | 4 ج. |
| 650 17 - SUBJECT ADDED ENTRY--TOPICAL TERM | |
| Topical term or geographic name as entry element | العرب |
| 650 17 - SUBJECT ADDED ENTRY--TOPICAL TERM | |
| Topical term or geographic name as entry element | الإسلام |
| 650 17 - SUBJECT ADDED ENTRY--TOPICAL TERM | |
| Topical term or geographic name as entry element | التاريخ |
| 650 17 - SUBJECT ADDED ENTRY--TOPICAL TERM | |
| Topical term or geographic name as entry element | الدولة |
| 650 17 - SUBJECT ADDED ENTRY--TOPICAL TERM | |
| Topical term or geographic name as entry element | العلاقات الخارجية |
| 650 17 - SUBJECT ADDED ENTRY--TOPICAL TERM | |
| Topical term or geographic name as entry element | التاريخ الإجتماعي |
| 650 17 - SUBJECT ADDED ENTRY--TOPICAL TERM | |
| Topical term or geographic name as entry element | التاريخ السياسي |
| 650 17 - SUBJECT ADDED ENTRY--TOPICAL TERM | |
| Topical term or geographic name as entry element | الحركات السياسية |
| 650 17 - SUBJECT ADDED ENTRY--TOPICAL TERM | |
| Topical term or geographic name as entry element | الحركات الدينية |
| 650 17 - SUBJECT ADDED ENTRY--TOPICAL TERM | |
| Topical term or geographic name as entry element | التاريخ الثقافي |
| 650 17 - SUBJECT ADDED ENTRY--TOPICAL TERM | |
| Topical term or geographic name as entry element | الفنون |
| 650 17 - SUBJECT ADDED ENTRY--TOPICAL TERM | |
| Topical term or geographic name as entry element | الملوك و الحكام |
| 650 17 - SUBJECT ADDED ENTRY--TOPICAL TERM | |
| Topical term or geographic name as entry element | الخلفاء الراشدون 661-632 |
| 650 17 - SUBJECT ADDED ENTRY--TOPICAL TERM | |
| Topical term or geographic name as entry element | العصر الجاهلي |
| 650 17 - SUBJECT ADDED ENTRY--TOPICAL TERM | |
| Topical term or geographic name as entry element | العصر الأموي |
| 650 17 - SUBJECT ADDED ENTRY--TOPICAL TERM | |
| Topical term or geographic name as entry element | العصر العباسي |
| 650 17 - SUBJECT ADDED ENTRY--TOPICAL TERM | |
| Topical term or geographic name as entry element | العصر الأندلسي |
| 942 ## - ADDED ENTRY ELEMENTS (KOHA) | |
| Source of classification or shelving scheme | Dewey Decimal Classification |
| Koha item type | مراجع |
| حالة السحب | حالة الفقدان | مصدر التصنيف | حالة التلف | غير قابل للإعارة | المكتبة الرئيسية | المكتبة الحالية | موقع الرف | تاريخ التزويد | الرقم المتسلسل | Total Checkouts | رقم الإستدعاء | الباركود | تاريخ آخر ظهور | تاريخ الفاتورة | نوع المادة (كوها) |
|---|---|---|---|---|---|---|---|---|---|---|---|---|---|---|---|
| Dewey Decimal Classification | المكتبة المركزية | المكتبة المركزية | مقتنيات قسم التزويد | 28/07/2025 | 1653309 | م/956/حسن | 28/07/2025 | 28/07/2025 | مراجع | ||||||
| Dewey Decimal Classification | المكتبة المركزية | المكتبة المركزية | مقتنيات قسم التزويد | 28/07/2025 | 1653296 | م/956/حسن | 28/07/2025 | 28/07/2025 | مراجع | ||||||
| Dewey Decimal Classification | المكتبة المركزية | المكتبة المركزية | مقتنيات قسم التزويد | 28/07/2025 | 1653192 | م/956/حسن | 28/07/2025 | 28/07/2025 | مراجع | ||||||
| Dewey Decimal Classification | مكتبة أم المؤمنين للأطفال | مكتبة أم المؤمنين للأطفال | الأطفال | 28/07/2025 | 419961 | م/956/حسن | 419961 | 28/07/2025 | 28/07/2025 | مراجع | |||||
| Dewey Decimal Classification | مكتبة أم المؤمنين للأطفال | مكتبة أم المؤمنين للأطفال | الأطفال | 28/07/2025 | 419960 | م/956/حسن | 419960 | 28/07/2025 | 28/07/2025 | مراجع | |||||
| Dewey Decimal Classification | مكتبة أم المؤمنين للأطفال | مكتبة أم المؤمنين للأطفال | الأطفال | 28/07/2025 | 419962 | م/956/حسن | 419962 | 28/07/2025 | 28/07/2025 | مراجع | |||||
| Dewey Decimal Classification | مكتبة أم المؤمنين للأطفال | مكتبة أم المؤمنين للأطفال | الأطفال | 28/07/2025 | 419963 | م/956/حسن | 419963 | 28/07/2025 | 28/07/2025 | مراجع | |||||
| Dewey Decimal Classification | Not For Loan | مكتبة البراءة للأطفال | مكتبة البراءة للأطفال | مراجع | 21/09/2013 | 367152 | م/956/حسن | PLD00278744 | 28/07/2025 | 21/09/2013 | مراجع | ||||
| Dewey Decimal Classification | Not For Loan | مكتبة البراءة للأطفال | مكتبة البراءة للأطفال | مراجع | 21/09/2013 | 367153 | م/956/حسن | PLD00278747 | 28/07/2025 | 21/09/2013 | مراجع | ||||
| Dewey Decimal Classification | Not For Loan | مكتبة البراءة للأطفال | مكتبة البراءة للأطفال | مراجع | 21/09/2013 | 367155 | م/956/حسن | PLD00278749 | 28/07/2025 | 21/09/2013 | مراجع | ||||
| Dewey Decimal Classification | Not For Loan | مكتبة البراءة للأطفال | مكتبة البراءة للأطفال | مراجع | 01/10/2013 | 367154 | م/956/حسن | PLD00281101 | 28/07/2025 | 01/10/2013 | مراجع | ||||
| Dewey Decimal Classification | Not For Loan | مكتبة بدر الجديدة للأطفال | مكتبة بدر الجديدة للأطفال | الأطفال | 13/10/2015 | 400988 | م/956/حسن | PLD00355709 | 28/07/2025 | 13/10/2015 | مراجع | ||||
| Dewey Decimal Classification | Not For Loan | مكتبة بدر الجديدة للأطفال | مكتبة بدر الجديدة للأطفال | الأطفال | 13/10/2015 | 400989 | م/956/حسن | PLD00355710 | 28/07/2025 | 13/10/2015 | مراجع | ||||
| Dewey Decimal Classification | Not For Loan | مكتبة بدر الجديدة للأطفال | مكتبة بدر الجديدة للأطفال | الأطفال | 13/10/2015 | 400990 | م/956/حسن | PLD00355713 | 28/07/2025 | 13/10/2015 | مراجع | ||||
| Dewey Decimal Classification | Not For Loan | مكتبة بدر الجديدة للأطفال | مكتبة بدر الجديدة للأطفال | الأطفال | 13/10/2015 | 400991 | م/956/حسن | PLD00355714 | 28/07/2025 | 13/10/2015 | مراجع |